Margaret Llasera, Représentations scientifiques et images poétiques en Angleterre au XVIIe siècle. À la recherche de l’invisible, Paris, CNRS & ENS Éditions, 1999. Un vol. 24 × 5,5 cm de 300 p. (notice n° 1599744)
[ vue normale ]
| 000 -LEADER | |
|---|---|
| fixed length control field | 00644cam a2200145 4500500 |
| 005 - DATE AND TIME OF LATEST TRANSACTION | |
| control field | 20251228082745.0 |
| 041 ## - LANGUAGE CODE | |
| Language code of text/sound track or separate title | fre |
| 042 ## - AUTHENTICATION CODE | |
| Authentication code | dc |
| 100 10 - MAIN ENTRY--PERSONAL NAME | |
| Personal name | Quantin, Jean-Louis |
| Relator term | author |
| 245 00 - TITLE STATEMENT | |
| Title | Margaret Llasera, Représentations scientifiques et images poétiques en Angleterre au XVIIe siècle. À la recherche de l’invisible, Paris, CNRS & ENS Éditions, 1999. Un vol. 24 × 5,5 cm de 300 p. |
| 260 ## - PUBLICATION, DISTRIBUTION, ETC. | |
| Date of publication, distribution, etc. | 2002.<br/> |
| 500 ## - GENERAL NOTE | |
| General note | 83 |
| 786 0# - DATA SOURCE ENTRY | |
| Note | Dix-septième siècle | 215 | 2 | 2002-06-01 | p. 369c-382c | 0012-4273 |
| 856 41 - ELECTRONIC LOCATION AND ACCESS | |
| Uniform Resource Identifier | <a href="https://shs.cairn.info/revue-dix-septieme-siecle-2002-2-page-369c?lang=fr&redirect-ssocas=7080">https://shs.cairn.info/revue-dix-septieme-siecle-2002-2-page-369c?lang=fr&redirect-ssocas=7080</a> |
Pas d'exemplaire disponible.




Réseaux sociaux